000
00242nam a22000977a 4500
008
160510b xxu||||| |||| 00| 0 eng d
041
_a
eng
080
_a
61
245
_a
Media relations in sport:
_c
Allan Hall; William Nichols;
942
_2
udc
_c
BK
999
_c
1989
_d
1989